All Canadian provinces & territories by percentage of French speakers - Statistics

General Stats
  • This quiz has been taken 23 times
  • The average score is 9 of 13
Answer Stats
Province/territory Percent % Correct
Quebec 85%
100%
New Brunswick 31.6%
94%
Ontario 4.4%
78%
Yukon 4.8%
72%
Manitoba 3.8%
67%
Alberta 2.2%
61%
Newfoundland and Labrador 0.6%
61%
Northwest Territories 2.9%
61%
Nova Scotia 3.8%
61%
Prince Edward Island 4.1%
61%
British Columbia 1.6%
56%
Nunavut 1.4%
56%
Saskatchewan 1.9%
56%
No matching quizzes found
Score Distribution
Percent of People with Each Score
Percentile by Number Answered
Your Score History
You have not taken this quiz